ბათუმის შოთა რუსთაველის სახელმწიფო უნივერსიტეტის ბიბლიოთეკა

Solar photovoltaic basics : (ბიბ.ჩანაწერი № 58348)

000 -LEADER
fixed length control field 00627cam a2200193 i 4500
001 - CONTROL NUMBER
control field 18165362
005 - DATE AND TIME OF LATEST TRANSACTION
control field 20221111114114.0
008 - FIXED-LENGTH DATA ELEMENTS--GENERAL INFORMATION
fixed length control field 140527s2015 enka 000 0 eng
020 ## - INTERNATIONAL STANDARD BOOK NUMBER
International Standard Book Number 9780415713351x
041 ## - LANGUAGE CODE
Language code of text/sound track or separate title eng
080 ## - UNIVERSAL DECIMAL CLASSIFICATION NUMBER
Universal Decimal Classification number 621.31 W-63
100 1# - MAIN ENTRY--PERSONAL NAME
Personal name White, Sean
Titles and words associated with a name
9 (RLIN) 12954
245 10 - TITLE STATEMENT
Title Solar photovoltaic basics :
Remainder of title a study guide for the NABCEP entry level exam /
Statement of responsibility, etc. Sean White.
264 #1 - PRODUCTION, PUBLICATION, DISTRIBUTION, MANUFACTURE, AND COPYRIGHT NOTICE
Place of production, publication, distribution, manufacture New York :
Name of producer, publisher, distributor, manufacturer Routledge,
Date of production, publication, distribution, manufacture, or copyright notice 2015.
300 ## - PHYSICAL DESCRIPTION
Extent viii, 160 pages :
Other physical details illustrations (some color) ;
Dimensions 19 cm.
653 ## - INDEX TERM--UNCONTROLLED
keyword ელექტროტექნიკა
653 ## - INDEX TERM--UNCONTROLLED
keyword Электротехника
942 ## - ADDED ENTRY ELEMENTS (KOHA)
Source of classification or shelving scheme
Koha item type წიგნი
ეგზემპლარები
Withdrawn status Lost status Source of classification or shelving scheme Damaged status Not for loan Permanent Location Current Location Shelving location Date acquired Cost, normal purchase price Full call number Barcode Date last seen Copy number Price effective from Koha item type Public note
          ბათუმის შოთა რუსთაველის სახელმწიფო უნივერსიტეტის მთავარი ბიბლიოთეკა ბათუმის შოთა რუსთაველის სახელმწიფო უნივერსიტეტის მთავარი ბიბლიოთეკა წიგნსაცავი 2021-11-17 66.00 621.31 W-63 55443 2021-11-17 55443 2021-11-17 წიგნი 66.00 GEL.